|
|
|
|
| LEADER |
00871nam a2200205Ia 4500 |
| 001 |
TDMU_3739 |
| 008 |
210410s9999 xx 000 0 und d |
| 082 |
|
|
|a 720.103
|
| 090 |
|
|
|b N4994
|
| 100 |
|
|
|a Nguyễn, Đức Thiềm
|
| 245 |
|
0 |
|a Khía cạnh văn hoá - xã hội của kiến trúc
|
| 245 |
|
0 |
|b Một số chuyên đề mở rộng nâng cao phục vụ đào tạo Kiến trúc sư và Thạc sỹ kiến trúc
|
| 245 |
|
0 |
|c Nguyễn Đức Thiềm
|
| 260 |
|
|
|a H.
|
| 260 |
|
|
|b Xây dựng
|
| 260 |
|
|
|c 2008
|
| 300 |
|
|
|a 348tr.
|
| 650 |
|
|
|a Kiến trúc
|x Khía cạnh văn hóa; Nghệ thuật phong thuỷ; Kiến trúc
|x Khía cạnh xã hội
|
| 856 |
|
|
|u http://lrc.tdmu.edu.vn/opac/search/detail.asp?aID=2&ID=3739
|
| 980 |
|
|
|a Trung tâm Học liệu Trường Đại học Thủ Dầu Một
|